Financie a riziko recenzovaný zborník príspevkov zo XIV. ročníka medzinárodnej vedeckej konferencie Katedry financií Národohospodárskej fakulty Ekonomickej univerzity v Bratislave, ktorá sa konala 26. novembra 2012 na pôde Ekonomickej univerzity v Bratislave pod záštitou podpredsedu vlády a ministra financií SR Petra Kažimíra

Guardado en:
Detalles Bibliográficos
Autores Corporativos: Financie a riziko. Medzinárodná vedecká konferencia, Národohospodárska fakulta EU. Katedra financií, Slovenská obchodná a priemyselná komora
Otros Autores: Sivák, Rudolf, 1955-, Ochotnický, Pavol
Formato: Libro
Lenguaje:eslovaco
inglés
Publicado: Bratislava Vydavateľstvo EKONÓM 2012
Materias:
Etiquetas: Agregar Etiqueta
Sin Etiquetas, Sea el primero en etiquetar este registro!

MARC

LEADER 00000nlm a2200000 4500
001 0164313
005 20240104124442.1
020 |a 978-80-225-3515-1 
041 0 |a slo 
041 0 |a eng 
044 |a SK 
245 1 0 |a Financie a riziko  |b recenzovaný zborník príspevkov zo XIV. ročníka medzinárodnej vedeckej konferencie Katedry financií Národohospodárskej fakulty Ekonomickej univerzity v Bratislave, ktorá sa konala 26. novembra 2012 na pôde Ekonomickej univerzity v Bratislave pod záštitou podpredsedu vlády a ministra financií SR Petra Kažimíra 
264 1 |a Bratislava  |b Vydavateľstvo EKONÓM  |c 2012 
300 |a CD-ROM [550 s.] 
610 2 0 |a financie 
610 2 0 |a riziko finančné 
610 2 0 |a kríza finančná 
610 2 0 |a financie verejné 
610 2 0 |a trh finančný 
610 2 0 |a politika fiškálna 
610 2 0 |a politika menová 
610 2 0 |a financie podnikové 
700 1 |a Sivák, Rudolf, 1955- 
700 1 |a Ochotnický, Pavol 
110 2 |a Financie a riziko. Medzinárodná vedecká konferencia 
710 2 |a Národohospodárska fakulta EU. Katedra financií 
710 2 |a Slovenská obchodná a priemyselná komora